000 00451nam a22001697a 4500
005 20251108165411.0
008 250721s1986 xx 000 0 ara d
082 1 4 _a940.1/إسم
100 1 _aغنيم، إسمت
245 1 0 _aزواج التحالف في العصور الوسطى /
264 _c1986.
300 _a82ص
650 1 7 _aالعصور الوسطى
650 1 7 _aالتاريخ الحديث
942 _2ddc
_cBK
999 _c27006
_d27006